000
00224nam a22001097a 4500
082
_a
620.11RYD
100
_a
Ryder G H
245
_a
Strength of materials
260
_b
English Language
_c
1977
300
_a
340
942
_c
BK
999
_c
12315
_d
12315